000 00704nam a2200193 a 4500
008 120416s1990 ||||||||||||||||| || u
020 _a0314578269
050 _aTS 155 App
100 _aEvans, James R. (James Robert), 1950-
245 1 0 _aApplied production and operations management (3rd ed.)
_cJames R. Evans [and others]
250 _a3rd ed.
260 _aSt. Paul :
_bWest Pub. Co
_c1990
300 _axxvii, 872p. : ill.
350 _a0.00
650 _aFACTORY MANAGEMENT
650 0 _aPRODUCTION MANAGEMENT
650 _aPRODUCTION
995 _D0.00
_FCBU-MAIN LIBRARY (Kitwe)
_H1
_I33.00
_UAVAILABLE
_ZMain Library Open Access Collection
999 _c34596
_d34596